Reglamento para la representación provincial de Madrid del Tiro Nacional (Record no. 172192)

MARC details
000 -LEADER
campo de control de longitud fija 00559nam a22001455i 4500
001 - NÚMERO DE CONTROL
campo de control 172192
003 - IDENTIFICADOR DE NÚMERO DE CONTROL
campo de control ES-MaACL
005 - FECHA Y HORA DE LA ÚLTIMA TRANSACCIÓN
campo de control 20230906214832.0
008 - DATOS DE LONGITUD FIJA--INFORMACIÓN GENERAL
campo de control de longitud fija 090617s1900 sp |||| | spa d
110 2# - ENTRADA PRINCIPAL--NOMBRE DE ENTIDAD CORPORATIVA
Nombre de entidad corporativa o nombre de jurisdicción como elemento de entrada Tiro Nacional de España.
Unidad subordinada Representación de Madrid.
9 (RLIN) 140744
245 10 - MENCIÓN DEL TÍTULO
Título Reglamento para la representación provincial de Madrid del Tiro Nacional
Resto del título : aprobado en la Asamblea Suprema celebrada el día 28 de julio de 1900.
260 ## - PUBLICACIÓN, DISTRIBUCIÓN, ETC.
Lugar de publicación, distribución, etc. Madrid :
Nombre del editor, distribuidor, etc. [La Nación Militar],
Fecha de publicación, distribución, etc. 1900 (
Fabricante Avrial)
300 ## - DESCRIPCIÓN FÍSICA
Extensión 16 p. ;
Dimensiones 16 cm.
852 ## - LOCALIZACIÓN
Ubicación ES-MaACL
Número de control de estantería T-1004-F-1
Holdings
Estatus retirado Estado de pérdida Estado de daño No para préstamo Colección Biblioteca de origen Biblioteca actual Ubicación en estantería Fecha de adquisición Fuente de adquisición Total de préstamos Signatura topográfica completa Código de barras Visto por última vez Precio de reemplazo Tipo de ítem Koha
        Colección de folletos Biblioteca del Ateneo de Madrid Biblioteca del Ateneo de Madrid Depósito folletos 17/06/2009     T-1004-F-1 1180701 23/02/2023 23/02/2023 Folleto